书目信息 |
| 题名: |
竹
|
|
| 作者: | 钱锋 编著 | |
| 分册: | ||
| 出版信息: | 济南 济南出版社 2016.04 |
|
| 页数: | 86页 | |
| 开本: | 27cm | |
| 丛书名: | 万物启蒙 | |
| 单 册: | ||
| 中图分类: | ||
| 科图分类: | ||
| 主题词: | 竹--青少年读物 , 森林--树种 | |
| 电子资源: | ||
| ISBN: | 978-7-5488-2053-6 | |
| 000 | 00953nam 2200277 450 | |
| 001 | 2355239874 | |
| 005 | 20120619083850.28 | |
| 010 | @a978-7-5488-2053-6@dCNY27.00 | |
| 100 | @a20160704d2016 cemy0chiy50 ea | |
| 101 | 0 | @achi |
| 102 | @aCN@b370000 | |
| 105 | @aa z 000yy | |
| 106 | @ar | |
| 200 | 1 | @a竹@f钱锋编著 |
| 210 | @a济南@c济南出版社@d2016.04 | |
| 215 | @a86页@c彩图@d27cm | |
| 225 | 2 | @a万物启蒙 |
| 330 | @a该书为“万物启蒙”课程系列读本之一, 以竹的前世今生为线索, 先从身边的竹子开始谈起, 让学生逐步了解竹子的特征、产地以及在中国文化中的意象所指, 把语文、数学、戏剧、科学、美术等学科完美融合, 让学生在这趟和竹子有关的学习旅程中悄无声息地达成各科学习目标, 更主要的是走近了中国传统文化的精髓所在。 | |
| 410 | 0 | @12001 @a万物启蒙 |
| 606 | 0 | @a竹@j青少年读物 |
| 606 | 0 | @a森林@x树种 |
| 690 | @a@v5 | |
| 690 | @aS795-49@v4 | |
| 701 | 0 | @a钱锋@4编著 |
| 801 | 0 | @aCN@b安徽时代出版发行有限公司@c20160704 |
| 905 | @dS795-49@e172 | |
| 竹/钱锋编著.-济南:济南出版社,2016.04 |
| 86页:彩图;27cm.-(万物启蒙) |
| ISBN 978-7-5488-2053-6:CNY27.00 |
| 该书为“万物启蒙”课程系列读本之一, 以竹的前世今生为线索, 先从身边的竹子开始谈起, 让学生逐步了解竹子的特征、产地以及在中国文化中的意象所指, 把语文、数学、戏剧、科学、美术等学科完美融合, 让学生在这趟和竹子有关的学习旅程中悄无声息地达成各科学习目标, 更主要的是走近了中国传统文化的精髓所在。 |
| ● |
| 相关链接 |
|
|
|
|
正题名:竹
索取号:S795-49/172
 
预约/预借
| 序号 | 登录号 | 条形码 | 馆藏地/架位号 | 状态 | 备注 |
| 1 | 1412043 | 214120431 | 第二样本阅览室/ [索取号:S795-49/172] | 在馆 | |
| 2 | 1412044 | 214120440 | 第三借阅区/ [索取号:S795-49/172] | 在馆 | |
| 3 | 1412045 | 214120459 | 第三借阅区/ [索取号:S795-49/172] | 在馆 | |
| 4 | 1412046 | 214120468 | 第三借阅区/ [索取号:S795-49/172] | 在馆 | |
| 5 | 1412047 | 214120477 | 第三借阅区/ [索取号:S795-49/172] | 在馆 |